សិក្សាអំពីឥទ្ធិពលនៃជីសរីរាង្គទៅលើដីខ្សាច់ខ្សត់ជីជាតិជាមួយពូជស្រូវប្រពៃណីប្រាំបីកួរក្នុងកល្ខខ័ណ្ឌប្រទេសកម្ពុជា (Record no. 169)
[ view plain ]
| 000 -LEADER | |
|---|---|
| fixed length control field | 00690nam a22001577a 4500 |
| 003 - CONTROL NUMBER IDENTIFIER | |
| control field | OSt |
| 005 - DATE AND TIME OF LATEST TRANSACTION | |
| control field | 20150909154705.0 |
| 008 - FIXED-LENGTH DATA ELEMENTS--GENERAL INFORMATION | |
| fixed length control field | 150909b xxu||||| |||| 00| 0 eng d |
| 040 ## - CATALOGING SOURCE | |
| Transcribing agency | RUA |
| 082 ## - DEWEY DECIMAL CLASSIFICATION NUMBER | |
| Classification number | AGR នូ 1993 BOO8 Or.1 |
| 100 ## - MAIN ENTRY--PERSONAL NAME | |
| 9 (RLIN) | 188 |
| Personal name | នូ ថុល |
| 245 ## - TITLE STATEMENT | |
| Title | សិក្សាអំពីឥទ្ធិពលនៃជីសរីរាង្គទៅលើដីខ្សាច់ខ្សត់ជីជាតិជាមួយពូជស្រូវប្រពៃណីប្រាំបីកួរក្នុងកល្ខខ័ណ្ឌប្រទេសកម្ពុជា |
| 260 ## - PUBLICATION, DISTRIBUTION, ETC. (IMPRINT) | |
| Place of publication, distribution, etc. | PHNOMPHEN |
| Name of publisher, distributor, etc. | RUA |
| Date of publication, distribution, etc. | 1993 |
| 300 ## - PHYSICAL DESCRIPTION | |
| Extent | 100P. |
| Other physical details | ILL. |
| Dimensions | 29CM. |
| 942 ## - ADDED ENTRY ELEMENTS (KOHA) | |
| Source of classification or shelving scheme | |
| Koha item type | AGR |
| Price effective from | Date last seen | Permanent Location | Not for loan | Date acquired | Source of classification or shelving scheme | Koha item type | Barcode | Lost status | Damaged status | Shelving location | Withdrawn status | Current Location | Full call number |
|---|---|---|---|---|---|---|---|---|---|---|---|---|---|
| 2015-09-09 | 2015-09-09 | Library Block B | 2015-09-09 | AGR | rua005370 | B008 | Library Block B | AGR នូ 1993 BOO8 Or.1 | |||||
| 2015-09-09 | 2015-09-09 | Library Block B | 2015-09-09 | AGR | rua005490 | B008 | Library Block B | AGR នូ 1993 BOO8 Or.2 | |||||
| 2015-09-09 | 2015-09-09 | Library Block B | 2015-09-09 | AGR | rua005586 | B008 | Library Block B | AGR នូ 1993 BOO8 Or.3 | |||||
| 2015-09-09 | 2015-09-09 | Library Block B | 2015-09-09 | AGR | rua005414 | B008 | Library Block B | AGR នូ 1993 BOO8 Or.4 | |||||
| 2015-09-09 | 2015-09-09 | Library Block B | 2015-09-09 | AGR | rua005422 | B008 | Library Block B | AGR នូ 1993 BOO8 Or.5 | |||||
| 2015-09-09 | 2015-09-09 | Library Block B | 2015-09-09 | AGR | rua005492 | B008 | Library Block B | AGR នូ 1993 BOO8 Or.6 |